000 00317nam a2200121 a 4500
008 100917s1966|||| d
245 1 0 _aŠpionáž a politika
100 1 _aDunajský, Martin
260 _bVydavateľstvo politickej literatúry
_c1966
_aBratislava
020 _c17,10
044 _axo
_cSK
041 _aslo
999 _c10428
_d10428